|
|
|
|
| LEADER |
01447nam a2200373 a 4500 |
| 001 |
EBC3338470 |
| 003 |
MiAaPQ |
| 005 |
20200520144314.0 |
| 006 |
m o d | |
| 007 |
cr cn||||||||| |
| 008 |
970806s1998 mau s 001 0 eng |
| 010 |
|
|
|z 97030595
|
| 020 |
|
|
|z 0262100703 (hc. : alk. paper)
|
| 020 |
|
|
|z 0262600307 (pbk. : alk. paper)
|
| 035 |
|
|
|a (MiAaPQ)EBC3338470
|
| 035 |
|
|
|a (Au-PeEL)EBL3338470
|
| 035 |
|
|
|a (CaPaEBR)ebr10015370
|
| 035 |
|
|
|a (OCoLC)43475383
|
| 040 |
|
|
|a MiAaPQ
|c MiAaPQ
|d MiAaPQ
|
| 050 |
|
4 |
|a HG179.5
|b .J34 1998
|
| 082 |
0 |
4 |
|a 332.6
|2 21
|
| 100 |
1 |
|
|a Jaffe, Charles A.
|
| 245 |
1 |
4 |
|a The right way to hire financial help
|h [electronic resource] :
|b a complete guide to choosing and managing brokers, financial planners, insurance agents, lawyers, tax preparers, bankers, and real estate agents /
|c Charles A. Jaffe.
|
| 260 |
|
|
|a Cambridge, Mass. :
|b MIT Press,
|c c1998.
|
| 300 |
|
|
|a x, 328 p.
|
| 500 |
|
|
|a Includes index.
|
| 533 |
|
|
|a Electronic reproduction. Ann Arbor, MI : ProQuest, 2015. Available via World Wide Web. Access may be limited to ProQuest affiliated libraries.
|
| 650 |
|
0 |
|a Financial planners.
|
| 650 |
|
0 |
|a Investment advisors.
|
| 650 |
|
0 |
|a Finance, Personal.
|
| 650 |
|
0 |
|a Financial services industry.
|
| 655 |
|
4 |
|a Electronic books.
|
| 710 |
2 |
|
|a ProQuest (Firm)
|
| 856 |
4 |
0 |
|u https://ebookcentral.proquest.com/lib/matrademy/detail.action?docID=3338470
|z Click to View
|